| 000 | 00474nam a2200169Ia 4500 | ||
|---|---|---|---|
| 008 | 230917s9999||||xx |||||||||||||| ||und|| | ||
| 020 | _cRS695 | ||
| 040 |
_e258365 _aMAIN |
||
| 041 | _aEnglish | ||
| 082 | _a613.7 D537A | ||
| 100 | _aDhiun, M R | ||
| 245 | 0 | _aApplied statistics in physical education and sports | |
| 260 |
_aNew Delhi _bFriends Publications (India) _c2018 |
||
| 300 | _a153 p. | ||
| 500 | _a3670 15/10/2019 FP19/406 15/10/2019 Main Budget | ||
| 942 | _cBK | ||
| 999 |
_c33252 _d33252 |
||